| 000 | 01438cab a2200301 4500 | ||
|---|---|---|---|
| 001 | ABS47401 | ||
| 008 | 090401t1992 xxu||||| |||| 00| 0 eng d | ||
| 035 | _a(Sirsi) u61822 | ||
| 041 | _aeng | ||
| 100 | _aCole, M. | ||
| 245 | 4 | _aThe mood is passive | |
| 260 | _c1992 | ||
| 350 | _a0 | ||
| 490 |
_aConstruction News _v(6288) 26 October 1992, 18(1) |
||
| 520 | _aDiscusses the current debate over fire safety in building design between those concerned purely with loss of life and those trying to minimise damage to buildings and contents. The Loss Prevention Council is critical of the new approved Document B (dealing with fire safety in the new Building Regulations) and has introduced its own code of practice. The Standing Committee on Structural Safety`s ninth report warns that in its opinion designers are paying too much attention to active fire protection measures such as sprinklers whilst passive aspects such as attention to building materials are often ignored which are important if the active measures fail. | ||
| 650 | _aAPPROVED DOCUMENT B | ||
| 650 |
_aBUILDING REGULATIONS _96224 |
||
| 650 | _aDESIGN | ||
| 650 | _aFIRE PROTECTION | ||
| 650 |
_aInsurance _96249 |
||
| 650 | _aLOSS PREVENTION COUNCIL | ||
| 650 | _aSPRINKLERS | ||
| 650 | _aSTANDING COMMITTEE ON STRUCTURAL SAFETY | ||
| 690 | _aBUILT ENVIRONMENT-CONSTRUCTION DESIGN | ||
| 700 | _aRoskrow, B. | ||
| 942 | _n0 | ||
| 948 | _c04/03/1997 | ||
| 999 |
_c38340 _d38340 |
||